000 00658nam a2200253Ia 4500
003 OSt
005 20220918174306.0
006 a|||||r|||| 00| 0
007 ta
008 220917b |||||||| |||| 00| 0 eng d
024 _a11,488
037 _cTextual
040 _aARTS
_cARTS
_beng
041 _2eng
_aeng
082 _aM95, L6
100 _aEmanuel W D.
_949909
245 0 _aAll in one camra book
_b the easy path to good photography
250 _a79th
260 _aLondon
_bFocal Press
_c1976
300 _a232p.
_ccm.
650 _aINDUSTRIAL ARTS
942 _hM95, L6
_cTEXL
_2CC
999 _c152587
_d152587